| 000 | 00551nam a2200181 i 4500 | ||
|---|---|---|---|
| 001 | 30905 | ||
| 003 | ES-MaACL | ||
| 005 | 20230906154256.0 | ||
| 007 | t| | ||
| 008 | 030127s1971 sp ||||1| spa d | ||
| 100 | 1 |
_aBartsch, Walter. _926197 |
|
| 245 | 1 | 0 |
_aHerramientas, máquinas, trabajo / _cWalter Bartsch ; [versión, Carlos Sènz de Magarola]. |
| 260 |
_aBarcelona : _bReverté, _c1971. |
||
| 300 |
_a239 p. : _bil. ; _c23 cm. |
||
| 700 | 1 |
_aSáenz de Magarola, Carlos. _9187177 |
|
| 852 |
_aES-MaACL _jC-44538 _bR.78806 |
||
| 999 |
_c30905 _d30905 |
||